Statistics for Football Quiz #1 Manchester United

Click here to take the quiz!

General Stats

  • This quiz has been taken 49 times
  • The average score is 9 of 15

Answer Stats

QuestionAnswer% Correct
Who is the top scorer of Manchester United in history?
89%
Against which team did Manchester United win the Champions League final in 1999?
87%
6 february 1958, the airplane who was carrying the Manchester United team crashed near a famous european city, which?Munich
85%
In which season did Manchester United win the last Premier League title?
80%
Who was the first manager of Manchester United after the retirement of Sir Alex Ferguson?
80%
Which player has won the most trophies with Manchester United?
78%
Which is the most expensive sale of Manchester United history after Cristiano Ronaldo in 2009?
67%
Who was the top scorer of Manchester United in Premier League 2020/21 season?
65%
How many Premier League/First Division titles has Manchester United won?20
63%
Who scored the winning goal against Barcelona in 2007/08 Champions League semifinal?
59%
In which year did Sir Alex Ferguson become the manager of Manchester United?1986
59%
How many goals did Éric Cantona score for Manchester United?82
35%
Who was the first Manchester United player to win the Ballon d'Or?
26%
In which season did Manchester United win the Cup Winners Cup?
24%
Who was the top scorer of Manchester United in Europa League 2016/17 (won by Manchester United)
20%

Score Distribution

Percentile by Number Answered

Percent of People with Each Score

Your Score History

You have not taken this quiz